Statistiques concernant Pays avec le plus de pollution atmosphérique

Cliquez ici pour prendre le quiz!

Statistiques générales

  • Ce quiz a été pris 151 fois
  • Le résultat moyen est 9 sur 20

Statistiques - réponses

μg/m3pays% Correct
52,7Chine
97%
90,9Inde
92%
58,3Pakistan
72%
60,8Bangladesh
66%
87,0Égypte
53%
91,2Qatar
53%
61,6Irak
51%
87,9Arabie Saoudite
50%
94,1Niger
48%
71,8Nigeria
45%
56,9Afghanistan
43%
55,4Soudan
41%
60,7Koweït
38%
54,3Libye
35%
66,0Tchad
34%
70,8Bahreïn
33%
99,7Népal
33%
56,8République
Centrafricaine
28%
72,8Cameroun
24%
53,2Guinée équatoriale
8%

Distribution des résultats

Percentile par nombre de réponses

% des personnes avec chaque résultat

Votre développement - résultats

Vous n’avez pas pris ce quiz